000 02077cam a22004331i 4500
003 SA-RiAUC
005 20250103124716.0
008 250102s1982 le f b 00000 ara c
040 _aSA-JeALM
_bara
_cSA-RiAUC
_erda
043 _af-ua---
_ae-fr---
_ae-rm---
082 0 4 _a253.4
_qSA-RiAUC
090 _a253.4
_bخ ر و
100 1 _aخروفة، علاء الدين،
_dولد 1350 هجري
_eمؤلف.
245 1 0 _aعقد القرض في الشريعة الإسلامية والقانون الوضعي الروماني، الفرنسي، المصري /
_cعلاء الدين خروفة.
250 _aالطبعة الأولى.
264 1 _aبيروت :
_bمؤسسة نوفل،
_c1982
300 _a390 صفحة ؛
_c24 سم
336 _aنص
_btxt
_2rdacontent
_3كتاب
337 _aبدون وسيط
_bn
_2rdamedia
338 _aمجلد
_bnc
_2rdacarrier
500 _aيشتمل على كشافات.
500 _aالأصل أطروحة دكتوراه.
500 _aاهداء من المؤلف علاء الدين خروفه في تاريخ 25 / 9 / 1410 هـ
504 _aببليوجرافية : صفحة 357-384.
504 _aيشتمل على إرجاعات ببليوجرافية.
590 _aUn exemplaire est reçu le 15/06/95 de (170) F M 2045-2500 /.
650 7 _aالقروض (فقه إسلامي)
_2aucsh
650 7 _aالعقود (فقه إسلامي)
_2aucsh
650 7 _aالعقود (قانون مدني)
_zمصر
_2aucsh
650 7 _aالعقود (قانون مدني)
_zفرنسا
_2aucsh
650 7 _aالعقود (قانون مدني)
_zرومانيا
_2aucsh
650 7 _aالديون
_xقوانين وتشريعات
_zفرنسا
_2aucsh
650 7 _aالديون
_xقوانين وتشريعات
_zمصر
_2aucsh
650 7 _aالقروض
_xقوانين وتشريعات
_zمصر
_2aucsh
650 7 _aالقروض
_xقوانين وتشريعات
_zفرنسا
_2aucsh
650 7 _aالقروض
_xقوانين وتشريعات
_zرومانيا
_2aucsh
942 _2ddc
_cBOOK
_n0
949 _aSA-JeALM
_d250102
_uosman123
_n1
999 _c4375
_d4375